000
00324nam a2200133Ia 4500
005
20251222142014.0
008
251222s9999||||xx |||||||||||||| ||spa||
020
_a
9972-34-054-6
082
_a
869.56/C78P
100
_a
Corcuera Osores, Arturo
245
0
_a
El Bazar de los Letreros:
264
_b
San Marcos
942
_c
LIB
999
_c
10412
_d
10412